书目信息 |
| 题名: |
虎啸九天
|
|
| 作者: | 小叶秀子 著 | |
| 分册: | ||
| 出版信息: | 北京 中共中央党校出版社 2005.02 |
|
| 页数: | 290页 | |
| 开本: | 24cm | |
| 丛书名: | 中国抗日战争风云人物写真 | |
| 单 册: | ||
| 中图分类: | K837.125.2 | |
| 科图分类: | ||
| 主题词: | 将军--jiang jun--生平事迹--美国--现代 | |
| 电子资源: | ||
| ISBN: | 7-5035-3103-7 | |
| 000 | 01076nam 2200277 450 | |
| 001 | 012008230054 | |
| 005 | 20080504102532.71 | |
| 010 | @a7-5035-3103-7@dCNY29.00 | |
| 100 | @a20080429d2005 em y0chiy0120 ea | |
| 101 | 0 | @achi |
| 102 | @aCN@b110000 | |
| 105 | @aa z 000yb | |
| 106 | @ar | |
| 200 | 1 | @a虎啸九天@Ahu xiao jiu tian@e陈纳德将军@f小叶秀子著@Fxiao ye xiu zi zhu |
| 210 | @a北京@c中共中央党校出版社@d2005.02 | |
| 215 | @a290页@c图@d24cm | |
| 225 | 2 | @a中国抗日战争风云人物写真@Azhong guo kang ri zhan zheng feng yun ren wu xie zhen |
| 330 | @a本书是为纪念抗战胜利60周年,描述和再现了接受当时国民政府的邀请,不远万里来到中国,帮助中国人民共同抗日的美国空军——陈纳德将军的英雄事迹。 | |
| 410 | 0 | @12001 @a中国抗日战争风云人物写真 |
| 517 | 1 | @a陈纳德将军@Achen na de jiang jun |
| 600 | 1 | @a陈纳德@Achen na de@c(Chennault, Claire Lee),@f1890-1958@x生平事迹 |
| 606 | 0 | @a将军@Ajiang jun@x生平事迹@y美国@z现代 |
| 690 | @aK837.125.2@v4 | |
| 701 | 0 | @a小叶秀子@Axiao ye xiu zi@4著 |
| 801 | 0 | @aCN@bQSSK@c20080504 |
| 905 | @b299405@dK837.125.2@eC520@f1 | |
| 虎啸九天:陈纳德将军/小叶秀子著.-北京:中共中央党校出版社,2005.02 |
| 290页:图;24cm.-(中国抗日战争风云人物写真) |
| ISBN 7-5035-3103-7:CNY29.00 |
| 本书是为纪念抗战胜利60周年,描述和再现了接受当时国民政府的邀请,不远万里来到中国,帮助中国人民共同抗日的美国空军——陈纳德将军的英雄事迹。 |
| ● |
| 相关链接 |
|
|
|
正题名:虎啸九天
索取号:K837.125.2/C520
 
预约/预借
| 序号 | 登录号 | 条形码 | 馆藏地/架位号 | 状态 | 备注 |
| 1 | 299405 | 202994055 | 社科库309/309社科库 3排4列6层/ [索取号:K837.125.2/C520] | 在馆 |